000 01202nam a22002777a 4500
001 BD-DhSAU
003 BD-DhSAU
005 20250727094443.0
008 150420b2005 bg ||||| m||| 00| 0 eng d
040 _aBD-DhSAU
082 _222
_a338.1
_bH1142
100 _aHABIB, SHAH AZMAIN
_eRegistration No. # 15-06851
245 _aComparative profitability and resource use efficiency between rose and gladiolus cultivation in savar upazila of dhaka district /
_bMS thesis
260 _aSher-e-Bangla Agricultural Uniersity :
_bDepartment of Agriculture Economics,
_c2022.
300 _aix, 62p. ;
_c30 cm.
500 _aMS thesis of Department of Agriculture Economics, Faculty of Agribusiness, Sher-e-Bangla Agricultural University, Dhaka, Bangladesh
504 _aIncludes bibliographical reference.
590 _aNazmul
650 _aComparative profitability
651 _arose and gladiolus
654 _asavar upazila of dhaka district
700 _aAssoci. Prof. Md. Rakibur Rahman
_eSuperviser
700 _aAssoci. Prof. Monoj Kumar Majumder
_eCo-superviser
856 _uhttp://archive.saulibrary.edu.bd:8080/xmlui/handle/123456789/5271
942 _2ddc
_cTHESIS
999 _c17597
_d17596